<?xml version="1.0" encoding="UTF-8"?>
<record
    xmlns:xsi="http://www.w3.org/2001/XMLSchema-instance"
    xsi:schemaLocation="http://www.loc.gov/MARC21/slim http://www.loc.gov/standards/marcxml/schema/MARC21slim.xsd"
    xmlns="http://www.loc.gov/MARC21/slim">

  <leader>00994nam a2200205   4500</leader>
  <controlfield tag="008">240620b        |||||||| |||| 00| 0 eng d</controlfield>
  <datafield tag="020" ind1=" " ind2=" ">
    <subfield code="a">9789937650212</subfield>
  </datafield>
  <datafield tag="082" ind1=" " ind2=" ">
    <subfield code="a">N338.5/B999</subfield>
  </datafield>
  <datafield tag="245" ind1=" " ind2=" ">
    <subfield code="a">&#x935;&#x94D;&#x92F;&#x93E;&#x935;&#x938;&#x93E;&#x92F;&#x93F;&#x915; &#x905;&#x930;&#x94D;&#x925;&#x936;&#x93E;&#x938;&#x94D;&#x924;&#x94D;&#x930;-&#x967;&#x903; &#x938;&#x941;&#x915;&#x94D;&#x937;&#x94D;&#x92E; &#x905;&#x930;&#x94D;&#x925;&#x936;&#x93E;&#x938;&#x94D;&#x924;&#x94D;&#x930; &#x92C;&#x93F;.&#x92C;&#x93F;.&#x90F;&#x938;. &#x92A;&#x94D;&#x930;&#x925;&#x92E; &#x935;&#x930;&#x94D;&#x937;</subfield>
    <subfield code="b">Business economics I: microeconomics BBS first year</subfield>
  </datafield>
  <datafield tag="250" ind1=" " ind2=" ">
    <subfield code="a">2nd edition</subfield>
  </datafield>
  <datafield tag="260" ind1=" " ind2=" ">
    <subfield code="a">&#x915;&#x93E;&#x920;&#x92E;&#x93E;&#x921;&#x94C;&#x902;&#x903;</subfield>
    <subfield code="b">&#x915;&#x943;&#x924;&#x93F; &#x92C;&#x941;&#x915;&#x94D;&#x938; &#x92A;&#x94D;&#x930;&#x915;&#x93E;&#x936;&#x928;,</subfield>
    <subfield code="c">&#x968;&#x966;&#x96D;&#x968;&#x935;&#x93F;.&#x938;&#x902;.</subfield>
  </datafield>
  <datafield tag="300" ind1=" " ind2=" ">
    <subfield code="a">&#x969;&#x968;&#x96D;&#x92A;&#x943;.&#x903;&#x938;&#x91A;&#x93F;&#x924;&#x94D;&#x930;</subfield>
  </datafield>
  <datafield tag="650" ind1=" " ind2=" ">
    <subfield code="a">&#x938;&#x941;&#x915;&#x94D;&#x937;&#x94D;&#x92E; &#x905;&#x930;&#x94D;&#x925;&#x936;&#x93E;&#x938;&#x94D;&#x924;&#x94D;&#x930;</subfield>
  </datafield>
  <datafield tag="650" ind1=" " ind2=" ">
    <subfield code="a">&#x905;&#x930;&#x94D;&#x925;&#x936;&#x93E;&#x938;&#x94D;&#x924;&#x94D;&#x930;</subfield>
  </datafield>
  <datafield tag="700" ind1=" " ind2=" ">
    <subfield code="a">&#x917;&#x947;&#x932;&#x93E;&#x932;, &#x92A;&#x94D;&#x930;&#x936;&#x941;&#x930;&#x93E;&#x92E;</subfield>
  </datafield>
  <datafield tag="700" ind1=" " ind2=" ">
    <subfield code="a">&#x922;&#x941;&#x919;&#x94D;&#x917;&#x947;&#x932;, &#x92C;&#x93E;&#x936;&#x941;&#x926;&#x947;&#x935;</subfield>
  </datafield>
  <datafield tag="700" ind1=" " ind2=" ">
    <subfield code="a">&#x917;&#x93F;&#x930;&#x940;, &#x915;&#x943;&#x937;&#x94D;&#x923;</subfield>
  </datafield>
  <datafield tag="700" ind1=" " ind2=" ">
    <subfield code="a">&#x92C;&#x93F;&#x937;&#x94D;&#x91F;, &#x930;&#x935;&#x93F;&#x928;&#x94D;&#x926;&#x94D;&#x930;</subfield>
  </datafield>
  <datafield tag="942" ind1=" " ind2=" ">
    <subfield code="2">ddc</subfield>
    <subfield code="c">ISBN</subfield>
  </datafield>
  <datafield tag="999" ind1=" " ind2=" ">
    <subfield code="c">114726</subfield>
    <subfield code="d">114714</subfield>
  </datafield>
  <datafield tag="952" ind1=" " ind2=" ">
    <subfield code="0">0</subfield>
    <subfield code="1">0</subfield>
    <subfield code="2">ddc</subfield>
    <subfield code="4">0</subfield>
    <subfield code="7">0</subfield>
    <subfield code="a">TUCL</subfield>
    <subfield code="b">TUCL</subfield>
    <subfield code="d">2024-06-20</subfield>
    <subfield code="l">0</subfield>
    <subfield code="o">N338.5/B999</subfield>
    <subfield code="p">IS21703</subfield>
    <subfield code="r">2024-06-20 16:42:37</subfield>
    <subfield code="w">2024-06-20</subfield>
    <subfield code="y">ISBN</subfield>
  </datafield>
  <datafield tag="952" ind1=" " ind2=" ">
    <subfield code="0">0</subfield>
    <subfield code="1">0</subfield>
    <subfield code="2">ddc</subfield>
    <subfield code="4">0</subfield>
    <subfield code="7">0</subfield>
    <subfield code="a">TUCL</subfield>
    <subfield code="b">TUCL</subfield>
    <subfield code="d">2024-06-21</subfield>
    <subfield code="l">0</subfield>
    <subfield code="o">N338.5/B999</subfield>
    <subfield code="p">IS21702</subfield>
    <subfield code="r">2024-06-21 09:29:48</subfield>
    <subfield code="w">2024-06-21</subfield>
    <subfield code="y">ISBN</subfield>
  </datafield>
</record>
